000 00413nam a2200157Ia 4500
008 160316s2002 xxu||||| |||| 00| 0 eng d
082 _a344.013400
_bVOL
100 _aVolpi Elena
245 _aStreet children - promising practices and approaches
250 _a
260 _aUSA
_bWorld Bank Instistute
_c2002
300 _a29
_b
_c
365 _b
650 _a1. street children 2. world bank
700 _a
_a
999 _c33858
_d33858